<?xml version="1.0" encoding="UTF-8"?><?xml-stylesheet type="text/xsl" href="static/style.xsl"?><OAI-PMH xmlns="http://www.openarchives.org/OAI/2.0/" xmlns:xsi="http://www.w3.org/2001/XMLSchema-instance" xsi:schemaLocation="http://www.openarchives.org/OAI/2.0/ http://www.openarchives.org/OAI/2.0/OAI-PMH.xsd"><responseDate>2026-04-13T13:16:13Z</responseDate><request verb="GetRecord" identifier="oai:www.recercat.cat:2099.1/16117" metadataPrefix="marc">https://recercat.cat/oai/request</request><GetRecord><record><header><identifier>oai:recercat.cat:2099.1/16117</identifier><datestamp>2025-07-22T20:16:58Z</datestamp><setSpec>com_2072_1033</setSpec><setSpec>col_2072_452951</setSpec></header><metadata><record xmlns="http://www.loc.gov/MARC21/slim" xmlns:dcterms="http://purl.org/dc/terms/" xmlns:xsi="http://www.w3.org/2001/XMLSchema-instance" xmlns:doc="http://www.lyncode.com/xoai" xsi:schemaLocation="http://www.loc.gov/MARC21/slim http://www.loc.gov/standards/marcxml/schema/MARC21slim.xsd">
   <leader>00925njm 22002777a 4500</leader>
   <datafield ind2=" " ind1=" " tag="042">
      <subfield code="a">dc</subfield>
   </datafield>
   <datafield ind2=" " ind1=" " tag="720">
      <subfield code="a">Sánchez Bautista, Enrique</subfield>
      <subfield code="e">author</subfield>
   </datafield>
   <datafield ind2=" " ind1=" " tag="260">
      <subfield code="c">2012-09-12</subfield>
   </datafield>
   <datafield ind2=" " ind1=" " tag="520">
      <subfield code="a">[ANGLÈS] We demonstrate a stabilized phase-locked divide-by-2 synchronously pumped optical parametric oscillator (SPOPO) based on BiB3O6 (BIBO) a crystal with type I interaction in the xz plane operating in degenerate regime. The femtosecond SPOPO is pumped by a KLM Ti:sapphire and uses a 1.5 mm long BIBO crystals cut for collinear type I (e ? o + o) PM in the xz optical plane at an internal angle ? = 11.4º (? = 0º) at normal incidence. The phase-locking operation was confirmed by splitting at the beginning the pump into two experimental lines (divided-by-2) overlapping them at the end of the experimental line setting a Mach-Zehnder interferometer. The SPOPO signal and idler output (1.5 ?m and 1.6 ?m aprox. respectively) was frequency doubled (SHG) and after was overlapped with the pump. The observation of stationary fringes from the interference established phase coherence. Additionally, we report the generation of a toothed shape in the spectrum of the overlapped signal and idler pulses of the SPOPO across 1.5-1.6 ?m and 1.6-1.7 ?m respectively in the degeneracy regime which can suggest the fact that an optical comb might have been generated.</subfield>
   </datafield>
   <datafield ind2=" " ind1=" " tag="520">
      <subfield code="a">[CASTELLÀ] Se demuestra la estabilidad de un oscilador óptico paramétrico con bombeo sincronizado (SPOPO) dividido en dos funcionando en modo phase-locked. Éste se basa en un cristal BiB3O6 (BIBO) con interacción de tipo I operando en el plano óptico xz en régimen degenerado. El SPOPO, que funciona en femtosegundos, está bombeado por un láser Titanio-Zafiro funcionando en modo KLM y usa un cristal BIBO de 1.5 mm de longitud cortado para un phase-matching (ajuste de fases) colinear de tipo I (e ? o + o) en el plano óptico xz con un ángulo interno de incidencia de ? = 11.4º (? = 0º) respecto a la normal. El efecto de phase-locking fue confirmado dividiendo en dos líneas experimentales el haz de bombeo inicial superponiéndolas posteriormente configurándose como un interferómetro de Mach-Zehnder. A los haces de salida del SPOPO: el señal y el retrasado (1.5 ?m y 1.6 ?m respectivamente) se les dobló la frecuencia (SHG) antes de hacerlo interferir con el haz de bombeo de la otra línea experimental. La observación de franjas de interferencia estacionarias demuestra que existe coherencia en ambos haces de las líneas del experimento. Además, se reporta la generación de un perfil dentado en el espectro debido a la superposición de los pulsos señal y retrasado del SPOPO en régimen degenerado, lo que sugiere que podríamos haber generado un peine óptico.</subfield>
   </datafield>
   <datafield ind2=" " ind1=" " tag="520">
      <subfield code="a">[CATALÀ] Es demostra l'estabilitat d'un oscil·lador paramètric polsat amb bombeig sincronitzat (SPOPO) dividit en dos feixos funcionant en mode phase-locked. L'oscil·lador està basat en un cristall de BiB3O6 (BIBO) en configuració tipus I operant en el pla òptic xz en règim degenerat. El SPOPO, que treballa en el règim de femtosegons, està bombejat mitjançant un làser de titani-safir funcionant en mode KLM i fa servir un cristall BIBO de 1.5 mm de longitud tallat per tal d'aconseguir un phase-matching colineal de tipus I (e ? o + o) en el pla xz amb un angle intern de ? = 11.4º (? = 0º) respecte la normal. L'efecte del phase-locking és confirmat dividint el feix de bombeig inicial en dos i posteriorment superposant-los en una configuració d'interferòmetre de Mach-Zender. Els feixos de sortida de l'SPOPO: el senyal i el retardat (1.5 ?m i 1.6 ?m respectivament) són doblats en freqüència (SHG) abans de fer-los interferir amb el feix de bombeig de l'altra línia experimental. L'observació de franges d'interferència estacionàries demostra que existeix coherència en ambdós feixos. A més a més, es demostra la generació d'un perfil dentat en l'espectre degut a la superposició dels polsos senyal i retardat de l'SPOPO en règim degenerat, fet que suggereix la creació d'una pinta òptica.</subfield>
   </datafield>
   <datafield tag="653" ind2=" " ind1=" ">
      <subfield code="a">Àrees temàtiques de la UPC::Enginyeria electrònica::Optoelectrònica</subfield>
   </datafield>
   <datafield tag="653" ind2=" " ind1=" ">
      <subfield code="a">Àrees temàtiques de la UPC::Enginyeria de la telecomunicació::Telecomunicació òptica::Fotònica</subfield>
   </datafield>
   <datafield tag="653" ind2=" " ind1=" ">
      <subfield code="a">Nonlinear optics</subfield>
   </datafield>
   <datafield tag="653" ind2=" " ind1=" ">
      <subfield code="a">Lasers</subfield>
   </datafield>
   <datafield tag="653" ind2=" " ind1=" ">
      <subfield code="a">optical parametric oscillators</subfield>
   </datafield>
   <datafield tag="653" ind2=" " ind1=" ">
      <subfield code="a">photonic materials</subfield>
   </datafield>
   <datafield tag="653" ind2=" " ind1=" ">
      <subfield code="a">second harmonic generation</subfield>
   </datafield>
   <datafield tag="653" ind2=" " ind1=" ">
      <subfield code="a">materiales ópticos</subfield>
   </datafield>
   <datafield tag="653" ind2=" " ind1=" ">
      <subfield code="a">láseres</subfield>
   </datafield>
   <datafield tag="653" ind2=" " ind1=" ">
      <subfield code="a">conversión de frecuencia</subfield>
   </datafield>
   <datafield tag="653" ind2=" " ind1=" ">
      <subfield code="a">materials fotònics</subfield>
   </datafield>
   <datafield tag="653" ind2=" " ind1=" ">
      <subfield code="a">polaritzadors òptics</subfield>
   </datafield>
   <datafield tag="653" ind2=" " ind1=" ">
      <subfield code="a">òptica aplicada</subfield>
   </datafield>
   <datafield tag="653" ind2=" " ind1=" ">
      <subfield code="a">Òptica no lineal</subfield>
   </datafield>
   <datafield tag="653" ind2=" " ind1=" ">
      <subfield code="a">Làsers</subfield>
   </datafield>
   <datafield ind2="0" ind1="0" tag="245">
      <subfield code="a">Design and characterization of fs OPO for the near-to mid-infrared</subfield>
   </datafield>
   <datafield ind2="0" ind1="0" tag="245">
      <subfield code="a">Characterization of femtosecond pulses from xz BIBO OPO</subfield>
   </datafield>
   <datafield ind2="0" ind1="0" tag="245">
      <subfield code="a">Caracterización de pulsos de femtosegundos a partir de cristales BIBO con interacción en el plano xz</subfield>
   </datafield>
   <datafield ind2="0" ind1="0" tag="245">
      <subfield code="a">Caracterització de polsos de femtosegons en oscil·lador paramètric òptic amb interacció xz en cristall BIBO</subfield>
   </datafield>
</record></metadata></record></GetRecord></OAI-PMH>